000 00697nam a22002177a 4500
999 _c159219
_d159219
005 20181210162026.0
006 a|||||f|||| 00| 0
007 tc
008 181207b |||||f|||| 00| 0 eng d
010 _aB-218415-B-218418
020 _c119.00(per set)
035 _aB-218415
037 _bAICB
082 _a621
245 _aComputer Education
260 _aNew Delhi
_bAICB
_cn.d.
270 _aSector-5, Rohini
_bNew Delhi
_e110085
_k011-27054082
300 _a2V.,various pages
_c30cm.(HB)
942 _2ddc
_cBRLEN
_h621
_mCOM